Normal view
MARC view
- القانون المدني -- أصول المحاكمات -- الأردن
Entry Topical Term
001 - CONTROL NUMBER
- control field: 12361
003 - CONTROL NUMBER IDENTIFIER
- control field: JO-AjAnu
005 - DATE AND TIME OF LATEST TRANSACTION
- control field: 20230606072300.0
008 - FIXED-LENGTH DATA ELEMENTS
- fixed length control field: 230606|| aca||aabn | a|a d
040 ## - CATALOGING SOURCE
- Original cataloging agency: JO-AjAnu
- Transcribing agency: JO-AjAnu
150 ## - HEADING--TOPICAL TERM
- Topical term or geographic name entry element: القانون المدني -- أصول المحاكمات -- الأردن
670 ## - SOURCE DATA FOUND
- Source citation: Work cat.: (JO-AjAnu)6365: تأليف الفار، عبد القادر ؛ مراجعة وتدقيق بشار عدنان ملكاوي , author 12360, أحكام الالتزام : آثار الحق في القانون المدني